书目信息 |
| 题名: |
供热工程
|
|
| 作者: | ;哈尔滨建筑工程学院 编 | |
| 分册: | ||
| 出版信息: | 北京 中国建筑工业出版社 1980 |
|
| 页数: | 354页 | |
| 开本: | 25cm | |
| 丛书名: | ||
| 单 册: | ||
| 中图分类: | TU995 | |
| 科图分类: | ||
| 主题词: | 城市供热:集中供热 | |
| 电子资源: | ||
| ISBN: | ||
| 000 | 00700nam0 2200253 45 | |
| 001 | 0180003659 | |
| 005 | 20040517100152.9 | |
| 010 | @dCNY2.30 | |
| 091 | @a15040.3861 | |
| 100 | @a19950426d1980 em y0chiy0121 ea | |
| 101 | 0 | @achi |
| 102 | @aCN@b110000 | |
| 105 | @ay z 000yy | |
| 106 | @ar | |
| 200 | 10 | @a供热工程@Agong re gong cheng@f哈尔滨建筑工程学院编 |
| 210 | @a北京@c中国建筑工业出版社@d1980 | |
| 215 | @a354页@d25cm | |
| 300 | @a高等学校试用教材 | |
| 606 | 0 | @a城市供热:集中供热 |
| 690 | @aTU995 | |
| 711 | 02 | @a哈尔滨建筑工程学院@Aha er bin jian zhu gong cheng xue yuan@4编 |
| 801 | 0 | @aCN@b上海图书馆@c20040517 |
| 801 | 2 | @aCN@bNLC@c20040517 |
| 905 | @f1@b104136@dTU995@e31 | |
| 供热工程/哈尔滨建筑工程学院编.-北京:中国建筑工业出版社,1980 |
| 354页;25cm |
| 高等学校试用教材 |
| ISBN :CNY2.30 |
| ● |
| 相关链接 |
|
|
|
|
正题名:供热工程
索取号:TU995/31
 
预约/预借
| 序号 | 登录号 | 条形码 | 馆藏地/架位号 | 状态 | 备注 |
| 1 | 0104136 | 001480800 | 第三借阅区/ [索取号:TU995/31] | 在馆 | |
| 2 | 0104137 | 001480739 | 第二样本阅览室/ [索取号:TU995/31] | 在馆 |